| 000 | 00693nam a2200205 a 4500 | ||
|---|---|---|---|
| 001 | 2627 | ||
| 003 | CDMR | ||
| 005 | 20131204163847.0 | ||
| 008 | 130130s1987||||||||||||||||||||||||||||d | ||
| 020 | _a8434412535 | ||
| 040 |
_aCDMR _bcat _cCDMR |
||
| 100 | 1 |
_aSaperas, Enric _9898 |
|
| 245 | 1 | 4 |
_aLos efectos cognitivos de la comunicación de masas _b: las recientes investigaciones en torno a los efectos de la comunicación de masas : 1970-1986 _cEnric Saperas |
| 260 |
_aBarcelona _c1987 _bAriel |
||
| 300 | _a175 p. | ||
| 490 | 0 | _aAriel Comunicación | |
| 650 | 0 | 4 |
_93542 _aMitjans de comunicació de massa _xInfluència |
| 650 | 0 | 4 |
_92367 _aComunicació _xAspectes psicològics |
| 942 |
_cMON _2udc |
||
| 999 |
_c2627 _d2627 |
||